000 00645nam a22001817a 4500
005 20250405143931.0
008 250405b |||||||| |||| 00| 0 eng d
020 _a9780415394055
050 _aJF1525
_b.P85P83 2007
245 _aPublic Procurement :
_bInternational Cases and Commentary /
_c(Editor) Louise Knight...et al
260 _aUSA
_aCanada.
_bRoutledge
_cc2007
300 _axxvi, 370pgs
_bbibliographical references, index
_c25cm
650 _2Government Purchasing
650 _2Government Purchasing - Case studies
650 _2Government spending policy
650 _2Government spending policy - Case studies
942 _2lcc
_cBK
_n0
999 _c5366
_d5366